00862nab a2200253uuc450000100070000000500170000700800410002403500110006503500210007604000130009704100080011010000380011824500880015665000380024465000370028265000310031965000270035070000360037770000310041370000320044477301030047694200100057999900190058996242120240201202751.0060207e20051101 spa  a962421 a(OCoLC)820343637 ccomduadb aspa10aBastidas, D. M.4auteaut954275410aEstabilidad del peroxido de hidrogeno utilizado en el decapado del acero inoxidable aTratamiento de superficies928600 aPeróxido de hidrógeno959940 aDecapado de metales947777 aAcero inoxidable9746710aNarváez, L.4auteaut941236910aCano, E.4auteaut940366510aBello, L.4auteaut94156620 tIngeniería Química (Madrid)gVol. 37, No. 429, Nov. 2005, p. 123-128w102048x0210-2064089813 cARIMP c378577d378577